|
|
|
|
| LEADER |
01507nam a2200337 a 4500 |
| 001 |
00008796 |
| 003 |
BD-DhAAL |
| 008 |
090407s2000 bg a b 001 0 eng d |
| 999 |
|
|
|c 5
|d 5
|
| 020 |
|
|
|a 9840515128
|
| 082 |
0 |
0 |
|a 150.19
|2 19
|
| 100 |
1 |
|
|a Islam S. Aminul
|9 19779
|
| 245 |
1 |
0 |
|a Introduction to behavioural Science /
|c S. Aminul Islam
|
| 250 |
|
|
|a First edition
|
| 260 |
|
|
|a Dhaka :
|b The Univesity Press Ltd.,
|c c2000.
|
| 300 |
|
|
|a xiv, 197 pages :
|b illustrations ;
|c 23 cm.
|
| 504 |
|
|
|a Includes bibliographical references and index.
|
| 541 |
1 |
|
|e 00008796
|
| 650 |
|
0 |
|a Psychology.
|9 19780
|
| 650 |
|
0 |
|a Social Sxience
|9 19781
|
| 650 |
|
0 |
|a Political Science
|9 19782
|
| 700 |
1 |
|
|a Rahman Mahmudur M.
|9 19783
|
| 700 |
1 |
|
|a Rahman M. Anisur.
|9 19784
|
| 700 |
1 |
|
|a Khan, Falh-uz-zaman
|9 19785
|
| 700 |
1 |
|
|a Sultanul Alam.
|9 19786
|
| 700 |
1 |
|
|a Barbhuiya, A. K.
|9 19787
|
| 852 |
4 |
|
|a Ayesha Abed Library
|j General Stacks
|
| 942 |
|
|
|2 ddc
|c BK
|
| 952 |
|
|
|0 0
|1 0
|2 ddc
|4 0
|6 150_190000000000000_ISL_2000
|7 0
|9 5
|a BRACUL
|b BRACUL
|c GEN
|d 2009-04-28
|g 0.00
|l 5
|m 30
|o 150.19 ISL
|p 3010008786
|r 2024-06-11
|s 2024-06-11
|t 1
|w 2009-04-28
|y BK
|x No price found in the accession register.
|
| 952 |
|
|
|0 0
|1 0
|2 ddc
|4 0
|6 150_190000000000000_ISL_2000
|7 0
|9 10415
|a BRACUL
|b BRACUL
|c GEN
|d 2010-05-24
|l 4
|m 4
|o 150.19 ISL
|p 3010008785
|r 2025-06-30
|s 2025-05-25
|t 2
|w 2010-05-24
|y BK
|
| 952 |
|
|
|0 0
|1 0
|2 ddc
|4 0
|6 150_190000000000000_ISL_2000
|7 0
|9 20449
|a BRACUL
|b BRACUL
|c GEN
|d 2012-06-09
|l 2
|m 1
|o 150.19 ISL
|p 3010008784
|r 2018-11-28
|s 2018-11-22
|t 3
|w 2012-06-09
|y BK
|